| 000 | 00481nam a2200157Ia 4500 | ||
|---|---|---|---|
| 999 |
_c12181 _d12181 |
||
| 082 | _aTP.0269 | ||
| 100 | _aPerumal, Chendrayan Chendroya | ||
| 245 | 0 | _aCreation and management of economic leverage | |
| 260 |
_c1986 _bIndian Institute of Technology, Kharagpur |
||
| 300 | _aAppendices at the end + C D - | ||
| 650 | _aECONOMETRIC MODELS - INDIA | ||
| 650 | _aECONOMIC LEVERAGE - INDIA | ||
| 650 | _aINDUSTRIAL MANAGEMENT - INDIA | ||
| 710 | _aTrivedi, M.L. | ||
| 942 |
_cTH _2ddc |
||